El Procés de formació de la ciutat de Sabadell / Jaume Puig i Castells
Descripción Física:
147 p. : il. ; 27 cm
Colección:
Aula ; 3
Otros Autores:
Caixa Catalunya
Materias:
Sabadell -- Història local
MARC
| LEADER | 00000nam a2200000Ia 4500 | ||
|---|---|---|---|
| 001 | 11148 | ||
| 008 | 160829s9999 xx 000 0 cat d | ||
| 080 | |a H-1-287 | ||
| 100 | |a Puig i Castells, Jaume |9 35032 | ||
| 245 | |a El Procés de formació de la ciutat de Sabadell / Jaume Puig i Castells | ||
| 260 | |a Sabadell : |b Ajuntament de Sabadell, DL 1991 | ||
| 300 | |a 147 p. : |b il. ; |c 27 cm | ||
| 490 | |a Aula ; 3 | ||
| 590 | |a Amb la col·laboració de Caixa de Catalunya. | ||
| 650 | |a Sabadell |x Història local |9 26192 | ||
| 700 | |a Caixa Catalunya | ||
| 710 | 1 | |a Sabadell (Catalunya). |b Ajuntament |9 51464 | |
| 901 | |a Arxiu | ||
| 942 | |n 1 | ||
| 952 | |0 0 |1 0 |4 0 |6 H1287 |7 1 |9 46738 |a Arxiu |b Arxiu |d 2016-12-01 |l 0 |o H-1-287 |p 11148 |r 2016-12-01 00:00:00 |w 2016-12-01 |y ARXIU | ||
| 999 | |c 50531 |d 50531 | ||